00225nam a2200097Ia 4500008004100000041000800041082001400049100001400063245002400077260002600101231212s1980 xx 000 0 und d aeng a621.31042 aIvanov A. aElectrical Machines aMascowbMir Pubc1980